00862nam a22002177a 450000500170000000800410001702000150005804000250007305000150009808200170011310000230013024500510015325000110020426000370021530000240025250000190027650502620029565000200055765000540057765000130063120231005151258.0230905b ||||| |||| 00| 0 eng d a0256264597 aWIUC - GHcWIUC - GH aHF5387.H67 2dc20a174'.4 aHosmer, LaRue Tone aThe Etiics of management. /cLaRue Tone Hosmer a4th ed aBostonbMcGraw-Hill/Irwin,c2003 aviii, 181 p:bIndex aIncludes index aContents: Moral problems in business management -- Moral analysis and economic outcomes -- Moral analysis and legal requirements -- Moral analysis and ethical duties -- Why should a business manager be mora? -- How can a business organization be made moral? aBusiness ethics aIndustrial management = moral and ethical aspects aI. Title